000 00481nam a2200157Ia 4500
008 100122s9999 xx 000 0 und d
082 _b77781
_a927.92028
100 _aठाकूर दिलीप
245 _aरेखा म्हणजे तारुण्य
250 _a1
260 _c2009
300 _a116
630 _aरेखा म्हणजे तारुण्य
730 _aरेखा म्हणजे तारुण्य
942 _cBOOK
999 _c395168
_d395165